[Event "Detroit (MI Action/1/20)"]
[Site "?"]
[Date "1996.??.??"]
[Round "?"]
[White "Bezrutch, B."]
[Black "McCrandell, James"]
[Result "1-0"]
[WhiteElo "1605"]
[BlackElo "1605"]
[PlyCount "45"]
[EventDate "1996.??.??"]

{1/(20)} 1. e4 e5 2. Nf3 Nc6 3. d4 f6 4. dxe5 fxe5 5. Bc4 Nf6 6. Nc3 Na5 7. Bd3
c6 8. Nxe5 d6 9. Nf3 b5 10. O-O a6 11. Re1 Qe7 12. Bg5 h6 13. e5 dxe5 14. Rxe5
Be6 15. Bd2 Nc4 16. Bxc4 bxc4 17. Qe2 Kf7 18. Re1 Qb7 19. Rxe6 Qxb2 20. Ne5+
Kxe6 21. Nxc4+ Kf7 22. Nxb2 Nd5 23. Qe6# 1-0

[Event "Detroit (MI Action/5/10)"]
[Site "?"]
[Date "1996.??.??"]
[Round "?"]
[White "Bezrutch, B."]
[Black "McAllister, Don"]
[Result "0-1"]
[WhiteElo "1605"]
[BlackElo "1605"]
[PlyCount "60"]
[EventDate "1996.??.??"]

{5/(10)} 1. e4 e6 2. Nf3 d5 3. exd5 exd5 4. d4 Nf6 5. Nc3 Bd6 6. Be2 c6 7. O-O
Qc7 8. h3 O-O 9. Bg5 Be7 10. Re1 Be6 11. Bd3 Nbd7 12. Qd2 Rfe8 13. Ne2 c5 14.
Nf4 c4 15. Nxe6 fxe6 16. Bxf6 Bxf6 17. Bf1 e5 18. dxe5 Nxe5 19. Qxd5+ Kh8 20.
Nxe5 Bxe5 21. c3 Rad8 22. Qxc4 Rf8 23. Qxc7 Bxc7 24. Re7 Bd6 25. Rxb7 Bc5 26.
b4 Bxf2+ 27. Kh1 Bg3 28. Rxa7 Rf2 29. Re1 Rdf8 30. Kg1 Rc2 {[Remainder
unavailable]} 0-1

[Event "Detroit (MI Action/3/13)"]
[Site "?"]
[Date "1996.??.??"]
[Round "?"]
[White "Bezrutch, B."]
[Black "Gillom, Donte"]
[Result "1-0"]
[WhiteElo "1605"]
[BlackElo "1605"]
[PlyCount "29"]
[EventDate "1996.??.??"]

{3/(13)} 1. e4 e5 2. Nf3 Nc6 3. d4 d6 4. Bc4 Nf6 5. Nc3 Bg4 6. Be3 exd4 7. Bxd4
Bxf3 8. Bxf6 Bxd1 9. Bxd8 Rxd8 10. Rxd1 Ne5 11. Bb3 c5 12. Nd5 b5 13. Nc7+ Ke7
14. Nxb5 a5 15. Ba4 {[Remainder illegible; 1-0, 37?]} 1-0

[Event "Detroit (Class C/3/14)"]
[Site "?"]
[Date "1996.??.??"]
[Round "?"]
[White "Bezrutch, B."]
[Black "Conlon, G."]
[Result "1-0"]
[WhiteElo "1605"]
[BlackElo "1605"]
[PlyCount "79"]
[EventDate "1996.??.??"]

{3/(14)} 1. e4 d5 2. exd5 Qxd5 3. Nc3 Qa5 4. Nf3 Nf6 5. Be2 Bf5 6. O-O e5 7. d3
c6 8. Re1 Nbd7 9. Bg5 Bb4 10. Bd2 O-O-O 11. a3 Bxc3 12. Bxc3 Qc7 13. b4 e4 14.
Nd4 Bg6 15. Nb3 exd3 16. cxd3 h5 17. Rc1 Ng4 18. Bxg4 hxg4 19. g3 f5 20. Bxg7
Rh3 21. Qd2 Nb6 22. Bf6 Qh7 23. Bxd8 Rxh2 24. Kf1 Qh3+ 25. Ke2 Qg2 26. Rf1 Qxg3
27. Qe3 Qxe3+ 28. Kxe3 Nd5+ 29. Kd4 Kxd8 30. Ke5 f4 31. Nc5 Rh5+ 32. Kd4 Kc7
33. Rh1 Rf5 34. Rce1 g3 35. fxg3 fxg3 36. Rhg1 Rf3 37. Ne4 Nf4 38. Rxg3 Ne6+
39. Ke5 Rf5+ 40. Kxe6 1-0

[Event "Cadillac Open/4/21"]
[Site "?"]
[Date "1996.??.??"]
[Round "?"]
[White "Bezak, C."]
[Black "Wright, R."]
[Result "0-1"]
[WhiteElo "1605"]
[BlackElo "1605"]
[PlyCount "95"]
[EventDate "1996.??.??"]

{4/21} 1. d4 Nf6 2. c4 e6 3. Nc3 Bb4 4. a3 Bxc3+ 5. bxc3 O-O 6. Nf3 d5 7. e3
Qd6 8. c5 Qe7 9. g3 b6 10. cxb6 axb6 11. Bg2 Ne4 12. Qd3 c5 13. Nh4 c4 14. Qc2
f5 15. O-O b5 16. f4 Bd7 17. Bxe4 fxe4 18. Bb2 Nc6 19. Qe2 Kh8 20. Qh5 Qf7 21.
Qxf7 Rxf7 22. g4 Ne7 23. Rf2 Ng8 24. g5 Ne7 25. Kh1 Nc6 26. Raf1 Ne7 27. Ng2 h6
28. h4 Nf5 29. Kh2 hxg5 30. hxg5 g6 31. Rh1 Rh7+ 32. Kg1 Rxh1+ 33. Kxh1 Kg7 34.
Bc1 Rh8+ 35. Kg1 Kf7 36. Ra2 Ke7 37. Bd2 Kd8 38. Ne1 Ne7 39. Nc2 Nc6 40. Nb4
Na5 41. Kf1 Nb3 42. Ke1 Kc7 43. Ke2 Rh2+ 44. Ke1 Rh1+ 45. Ke2 Rh2+ 46. Ke1 Rh1+
47. Ke2 Rh2+ 48. Ke1 0-1

[Event "Cadillac Open/1b/14"]
[Site "?"]
[Date "1996.??.??"]
[Round "?"]
[White "Bezak, C."]
[Black "Revnell, Joseph"]
[Result "1/2-1/2"]
[WhiteElo "1605"]
[BlackElo "1605"]
[PlyCount "131"]
[EventDate "1996.??.??"]

1. d4 d5 2. c4 Nf6 3. Nc3 e6 4. Nf3 c5 5. e3 a6 6. b3 b6 7. Be2 Bb7 8. O-O Nbd7
9. Rb1 Qc7 10. Ba3 Bd6 11. Qd3 Ne4 12. g3 h6 13. b4 dxc4 14. Qxc4 b5 15. Qd3 c4
16. Qc2 Ndf6 17. Rfd1 Nxc3 18. Qxc3 Be4 19. Rbc1 Qb7 20. Nd2 Bd5 21. f3 Qc7 22.
e4 Bb7 23. e5 Nd5 24. Qc2 Be7 25. Qb1 Rd8 26. Nf1 O-O 27. f4 f6 28. Bg4 Qc6 29.
Qe4 f5 30. Qf3 fxg4 31. Qxg4 Nxf4 32. Rc2 Qh1+ 33. Kf2 Qxh2+ 34. Nxh2 Nd3+ 35.
Ke3 Bg5+ 36. Qxg5 hxg5 37. Rf1 Rxf1 38. Nxf1 Rf8 39. Nd2 Ne1 40. Rc1 Ng2+ 41.
Ke2 g4 42. Rf1 Bf3+ 43. Nxf3 gxf3+ 44. Rxf3 Rxf3 45. Kxf3 Ne1+ 46. Ke4 Nd3 47.
d5 exd5+ 48. Kxd5 Kf7 49. Kd6 Ke8 50. e6 c3 51. Kc6 Ke7 52. Kb6 c2 53. Kxa6
c1=Q 54. Bxc1 Nxc1 55. Kxb5 Nxa2 56. Kc5 Nxb4 57. Kxb4 Kxe6 58. Kc3 Kf5 59. Kd2
Kg4 60. Ke1 Kxg3 61. Kf1 Kh2 62. Kf2 g5 63. Kf3 Kh3 64. Kf2 g4 65. Kg1 g3 66.
Kh1 1/2-1/2

[Event "Cadillac Open/3/20"]
[Site "?"]
[Date "1996.??.??"]
[Round "?"]
[White "Beyer, B."]
[Black "Hogarth, Frank"]
[Result "1-0"]
[WhiteElo "1605"]
[BlackElo "1605"]
[PlyCount "67"]
[EventDate "1996.??.??"]

{3/20} 1. e4 Nc6 2. Bc4 e6 3. Nc3 Nf6 4. Nf3 Bc5 5. O-O a6 6. d4 Bd6 7. Bg5 h6
8. Be3 Ng4 9. g3 Ne7 10. e5 Nf5 11. Bf4 b5 12. Bd3 Be7 13. Kg2 Bb7 14. Rh1 Nxd4
15. Be4 Nc6 16. Nh4 h5 17. h3 g5 18. Qg1 gxf4 19. hxg4 Bg5 20. Nf3 Qe7 21. gxh5
O-O-O 22. Ne2 Bh6 23. gxf4 Rdg8+ 24. Ng3 Bxf4 25. Qh2 Qb4 26. Rhe1 Na5 27. Qh4
Bh6 28. a3 Qxb2 29. Reb1 Qc3 30. a4 Bxe4 31. Qxe4 Qc6 32. Qb4 Qxc2 33. Qxa5 Kd8
34. Rc1 $138 1-0

[Event "Cadillac Open/1b/12"]
[Site "?"]
[Date "1996.??.??"]
[Round "?"]
[White "Beyer, B."]
[Black "Anderson, Gale"]
[Result "0-1"]
[WhiteElo "1605"]
[BlackElo "1720"]
[PlyCount "58"]
[EventDate "1996.??.??"]

1. e4 e6 2. Nf3 b6 3. c3 Bb7 4. Ng5 Qxg5 5. d3 Qf6 6. Be2 Nc6 7. O-O Nge7 8.
Nd2 Ng6 9. Nf3 Nce5 10. Bg5 Nxf3+ 11. Bxf3 Qxg5 12. c4 h5 13. g3 Ne5 14. Bh1
Ng4 15. h4 Qa5 16. e5 Bxh1 17. Kxh1 Qxe5 18. d4 Qd6 19. Rc1 f5 20. Qf3 Rb8 21.
Rc3 Qxd4 22. b3 Bc5 23. Rc2 g5 24. hxg5 h4 25. gxh4 Rxh4+ 26. Kg1 Nh2 27. Qg3
Nxf1 28. Qg2 Rg4 29. Kxf1 Qd1# 0-1

[Event "Cadillac Open/2/11"]
[Site "?"]
[Date "1996.??.??"]
[Round "?"]
[White "Betker, K."]
[Black "LaFata, Sam"]
[Result "0-1"]
[WhiteElo "1605"]
[BlackElo "1995"]
[PlyCount "62"]
[EventDate "1996.??.??"]

{2/11} 1. c4 e5 2. Nc3 Nf6 3. e4 Nc6 4. Nge2 Bc5 5. d3 d6 6. Ng3 Ng4 7. Be3
Nxe3 8. fxe3 Bxe3 9. Nd5 Bd4 10. Rb1 Ne7 11. Ne2 Bb6 12. Nxb6 axb6 13. Nc3 O-O
14. Be2 f5 15. O-O Be6 16. a3 Qd7 17. Nd5 Rf7 18. Bh5 g6 19. Bf3 Raf8 20. Qe2
Nc6 21. exf5 gxf5 22. Rbe1 Nd4 23. Qf2 Qd8 24. Qg3+ Rg7 25. Qh3 c6 26. Nb4 f4
27. g4 fxg3 28. Qh6 gxh2+ 29. Kh1 Qg5 30. Qxh2 Nxf3 31. Qf2 Qh5+ 0-1

[Event "Cadillac Open/4/13"]
[Site "?"]
[Date "1996.??.??"]
[Round "?"]
[White "Betker, K."]
[Black "Kreger, David"]
[Result "0-1"]
[WhiteElo "1605"]
[BlackElo "1620"]
[PlyCount "68"]
[EventDate "1996.??.??"]

{4/13} 1. d4 Nf6 2. c4 e6 3. Bf4 Bb4+ 4. Bd2 Qe7 5. a3 Bxd2+ 6. Nxd2 O-O 7. e4
e5 8. d5 a5 9. Ngf3 Na6 10. Nb3 a4 11. Nbd2 Nc5 12. Qc2 d6 13. h3 Nh5 14. g3 c6
15. Bg2 f5 16. exf5 Bxf5 17. Qc3 Nd3+ 18. Ke2 cxd5 19. Nh4 e4 20. Nxf5 Rxf5 21.
Rhf1 Raf8 22. Ke3 Qg5+ 23. Ke2 Rxf2+ 24. Kd1 Rxg2 25. Kc2 Nxg3 26. Rxf8+ Kxf8
27. Qa5 Nc5 28. Rd1 e3 29. Qa8+ Kf7 30. h4 Qf5+ 31. Kc3 Qd3+ 32. Kb4 Rxd2 33.
Ka5 Qb3 34. Rc1 b6# 0-1

[Event "Kalamazoo (Mini-Swiss.3/2)"]
[Site "?"]
[Date "1996.??.??"]
[Round "?"]
[White "Betke, Brian"]
[Black "Williams, Claude"]
[Result "1-0"]
[WhiteElo "1605"]
[BlackElo "1605"]
[PlyCount "103"]
[EventDate "1996.??.??"]

{3/(2)} 1. e4 Nf6 2. Nc3 e6 3. d4 Bb4 4. Bd3 c5 5. dxc5 Bxc5 6. h3 b6 7. Bg5 h6
8. Bh4 g5 9. Bg3 Bb7 10. Qe2 Nc6 11. Nb5 e5 12. Nf3 d6 13. O-O Qd7 14. Nd2
O-O-O 15. c3 a6 16. b4 axb5 17. Bxb5 d5 18. bxc5 dxe4 19. Nxe4 Nxe4 20. Qxe4
Qe7 21. Bxc6 Ba6 22. Rfd1 Qxc5 23. Qf5+ Kc7 24. Bxe5+ Kxc6 25. Rxd8 Rxd8 26.
Qf6+ Rd6 27. Qxd6+ Qxd6 28. Bxd6 Kxd6 29. Rd1+ Kc5 30. Rd7 Bc4 31. a3 Kb5 32.
g4 Ka4 33. Rd6 b5 34. Rxh6 Kxa3 35. Rh5 Kb3 36. Rxg5 Kxc3 37. Rxb5 Bxb5 38. f4
Kd4 39. Kf2 Ke4 40. Kg3 Be2 41. h4 Bf3 42. h5 Ke3 43. h6 f5 44. h7 Bxg4 45.
h8=Q Bf3 46. Qe5+ Be4 47. Qc5+ Ke2 48. Qc3 Bd3 49. Kh4 Ke3 50. Kg5 Ke4 51. Qe5+
Kf3 52. Qxf5 1-0

[Event "Kalamazoo (Mini-Swiss.3/1)"]
[Site "?"]
[Date "1996.??.??"]
[Round "?"]
[White "Betke, Brian"]
[Black "Jackson, Don"]
[Result "1-0"]
[WhiteElo "1605"]
[BlackElo "1605"]
[PlyCount "87"]
[EventDate "1996.??.??"]

{3/(1)} 1. e4 g5 2. Be2 Bg7 3. c3 h6 4. d4 d5 5. Nd2 dxe4 6. Nxe4 Nd7 7. Bh5
Ngf6 8. Nxf6+ Nxf6 9. Be2 Qd5 10. f3 O-O 11. Qd3 Bf5 12. Qc4 c6 13. Qxd5 cxd5
14. b3 a6 15. Ba3 Rfe8 16. g4 Bg6 17. Bd1 e5 18. Ne2 exd4 19. cxd4 Nxg4 20.
fxg4 Bxd4 21. Rc1 Re3 22. Bc5 Bxc5 23. Rxc5 d4 24. Kf2 Be4 25. Nxd4 Rd3 26. Nf3
Rad8 27. Be2 R3d6 28. Rhc1 Kg7 29. a4 Rf6 30. Re5 Rf4 31. h3 Rd2 32. Rc3 Kf6
33. Rec5 h5 34. gxh5 g4 35. hxg4 Rxg4 36. Re3 Rf4 37. Rxe4 Rxe4 38. Nxd2 Rf4+
39. Nf3 Kg7 40. Rc7 Kh6 41. Rxb7 Kxh5 42. Ra7 Rb4 43. Ne5+ Kg5 44. Nxf7+ 1-0

[Event "Eastpointe (EDO/1/22)"]
[Site "?"]
[Date "1996.??.??"]
[Round "?"]
[White "Berry, DeMarcus"]
[Black "Stemmler, Daniel"]
[Result "0-1"]
[WhiteElo "1605"]
[BlackElo "1700"]
[PlyCount "118"]
[EventDate "1996.??.??"]

{1/(22)} 1. e4 g6 2. Nf3 Bg7 3. d4 d6 4. c4 Nd7 5. Bf4 c5 6. Be3 Ngf6 7. Nc3
cxd4 8. Bxd4 O-O 9. Bd3 Nc5 10. Bc2 Bg4 11. O-O a6 12. Be3 Rc8 13. h3 Be6 14.
b3 Nh5 15. Nd4 Bd7 16. Qd2 Qa5 17. Rab1 Qb4 18. Bd1 Nf6 19. Nc2 Qb6 20. Bf3 Qc7
21. Rfd1 b5 22. Nd5 Nxd5 23. exd5 bxc4 24. bxc4 Na4 25. Nd4 Qxc4 26. Rdc1 Nc3
27. Rb3 Bxd4 28. Bxd4 Ne2+ 29. Bxe2 Qxc1+ 30. Qxc1 Rxc1+ 31. Kh2 Rc2 32. Bxa6
Rxa2 33. Bc4 Rc2 34. Bd3 Rd2 35. Be3 Rd1 36. Bc4 e6 37. Rb7 exd5 38. Bb3 Rd3
39. Bc2 Bc6 40. Rc7 Rc3 41. Ba4 Rxe3 42. Rxc6 Re6 43. Bb3 Re2 44. Kg3 d4 45.
Rxd6 Rd2 46. Rd7 Rd3+ 47. Kh2 Rxb3 48. Rxd4 Rb2 49. Kg3 f5 50. f4 Rc8 51. Rd3
Rcc2 52. Kh4 Rxg2 53. Rd5 Rh2 54. Kg5 Rb8 55. Kh4 Kg7 56. Rd6 Rb3 57. Rxg6+
hxg6 58. Kg5 Rg3+ 59. Kh4 Rhxh3# 0-1

[Event "Detroit (Beg/3/3)"]
[Site "?"]
[Date "1996.??.??"]
[Round "?"]
[White "Berry, DeMarcus"]
[Black "Sobh, S."]
[Result "0-1"]
[WhiteElo "1605"]
[BlackElo "1605"]
[PlyCount "73"]
[EventDate "1996.??.??"]

{3/(3)} 1. d4 d5 2. Nf3 Nf6 3. g3 Bg4 4. Ne5 e6 5. Nxg4 Nxg4 6. e4 Nf6 7. e5
Nfd7 8. c4 Be7 9. Qb3 b6 10. c5 Nc6 11. Qa4 Ncb8 12. Bb5 bxc5 13. Bxd7+ Nxd7
14. Be3 c4 15. O-O O-O 16. Qd1 f6 17. Nc3 fxe5 18. dxe5 Nxe5 19. f4 Nc6 20. Qg4
Qd7 21. Nxd5 Qxd5 22. Rad1 Qe4 23. Bd2 Bc5+ 24. Rf2 Bxf2+ 25. Kxf2 Ne5 26.
Qxe6+ Kh8 27. Qh3 Nd3+ 28. Kg1 Qd4+ 29. Kg2 Qf2+ 30. Kh1 Qf3+ 31. Qg2 Nf2+ 32.
Kg1 Qxg2+ 33. Kxg2 Nxd1 34. Bb4 Rfe8 35. Kh3 Re2 36. Bc3 Nxc3 37. bxc3 0-1

[Event "Detroit (MI Team/4/4/1)"]
[Site "?"]
[Date "1996.??.??"]
[Round "?"]
[White "Berry, DeMarcus"]
[Black "Moody, David"]
[Result "0-1"]
[WhiteElo "1605"]
[BlackElo "2000"]
[PlyCount "114"]
[EventDate "1996.??.??"]

{4/4} 1. d4 Nf6 2. c4 c5 3. d5 e6 4. Nc3 exd5 5. cxd5 d6 6. e4 g6 7. Bb5+ Nbd7
8. Bg5 a6 9. Bxd7+ Bxd7 10. Nf3 Bg7 11. O-O O-O 12. Re1 h6 13. Bf4 Bg4 14. h3
Bxf3 15. Qxf3 Re8 16. Rad1 b5 17. Re2 Qe7 18. Rde1 Nd7 19. Nd1 Ne5 20. Bxe5
Bxe5 21. Qe3 Bg7 22. Qd2 a5 23. Ne3 Qc7 24. Ng4 h5 25. Nh6+ Kh7 26. Nf5 gxf5
27. exf5 Rxe2 28. Rxe2 Qd7 29. Qc2 Bf6 30. g4 hxg4 31. hxg4 Re8 32. Rd2 Qe7 33.
Rd3 Qe1+ 34. Kg2 Qe4+ 35. f3 Qe2+ 36. Qxe2 Rxe2+ 37. Kf1 Rxb2 38. f4 c4 39.
Rh3+ Kg7 40. g5 Bd4 41. f6+ Bxf6 42. gxf6+ Kxf6 43. Rh6+ Ke7 44. Rh3 Rxa2 45.
Re3+ Kf6 46. Rh3 b4 47. Rh6+ Ke7 48. Rh3 b3 49. Re3+ Kf6 50. Re1 b2 51. Re2
b1=Q+ 52. Kf2 Rxe2+ 53. Kxe2 Kf5 54. Kd2 Kxf4 55. Ke2 Qc2+ 56. Kf1 Kf3 57. Kg1
Qg2# 0-1

[Event "Detroit (MI Action/4/17)"]
[Site "?"]
[Date "1996.??.??"]
[Round "?"]
[White "Berry, DeMarcus"]
[Black "Maldonado, Ruben"]
[Result "1-0"]
[WhiteElo "1605"]
[BlackElo "1605"]
[PlyCount "67"]
[EventDate "1996.??.??"]

{4/(17)} 1. e4 Nf6 2. e5 Ne4 3. Bc4 e6 4. d3 Nc5 5. d4 Na4 6. c3 d5 7. exd6
cxd6 8. Qxa4+ Qd7 9. Bb5 Nc6 10. Nf3 Qe7 11. Bxc6+ bxc6 12. Qxc6+ Qd7 13. Qxa8
d5 14. Ne5 Qb7 15. Qxb7 Bxb7 16. O-O Bd6 17. Nf3 O-O 18. Be3 f5 19. Re1 h6 20.
g3 g5 21. Bd2 f4 22. gxf4 gxf4 23. Rxe6 Bc7 24. Rxh6 Rf7 25. Rg6+ Kh7 26. Rg4
Rf5 27. Nh4 f3 28. Nxf5 a5 29. Rg7+ Kh8 30. Rxc7 Ba6 31. Bh6 Bd3 32. Nd6 Bxb1
33. Rxb1 a4 34. Re1 1-0

[Event "Detroit (MI Action/2/21)"]
[Site "?"]
[Date "1996.??.??"]
[Round "?"]
[White "Berry, DeMarcus"]
[Black "Krasowski, Simon"]
[Result "1-0"]
[WhiteElo "1605"]
[BlackElo "1605"]
[PlyCount "68"]
[EventDate "1996.??.??"]

{2/(21)} 1. e4 e5 2. Nf3 Nc6 3. Nc3 Bc5 4. Bc4 d6 5. d3 Bg4 6. O-O Nf6 7. Bg5
Nd4 8. Kh1 Nxf3 9. gxf3 Bh3 10. Qd2 h6 11. Be3 Bb4 12. Rg1 Bxc3 13. bxc3 d5 14.
exd5 Nxd5 15. Rxg7 Nxe3 16. Qxe3 Qf6 17. Rxf7 Qg5 18. Qxg5 hxg5 19. Re1 O-O-O
20. Rxe5 Rde8 21. Ree7 Kd8 22. Re3 Rxe3 23. fxe3 Re8 24. e4 a6 25. d4 b5 26.
Bb3 g4 27. Rh7 Rf8 28. Rf7 Ke8 29. Rxf8+ Kxf8 30. f4 Ke7 31. Kg1 Kd6 32. Kf2 c5
33. dxc5+ Kxc5 34. f5 b4 {[Remainder unavailable]} 1-0

[Event "Howell (US Am N/4/48)"]
[Site "?"]
[Date "1996.??.??"]
[Round "?"]
[White "Berry, DeMarcus"]
[Black "Koo, M."]
[Result "1/2-1/2"]
[WhiteElo "1605"]
[BlackElo "1605"]
[PlyCount "54"]
[EventDate "1996.??.??"]

{4/(48)} 1. d4 d5 2. c4 dxc4 3. Nc3 Nf6 4. e4 e6 5. Bxc4 Bb4 6. Bd2 Bxc3 7.
Bxc3 Nxe4 8. Nf3 Nxc3 9. bxc3 O-O 10. O-O Nc6 11. Qc2 Ne7 12. Rfe1 Nf5 13. Rad1
c6 14. Bd3 g6 15. Ne5 f6 16. Ng4 Ne7 17. Bc4 Qd6 18. Qb3 Nd5 19. Ne3 b5 20. Bd3
e5 21. dxe5 Qxe5 22. Bxb5 Qxc3 23. Bxc6 Qxb3 24. Bxd5+ Qxd5 25. Nxd5 Bb7 26. f3
Bxd5 27. Rxd5 Rfd8 1/2-1/2

[Event "Howell (US Am N/2/31)"]
[Site "?"]
[Date "1996.??.??"]
[Round "?"]
[White "Berry, DeMarcus"]
[Black "Hill, Brad"]
[Result "0-1"]
[WhiteElo "1605"]
[BlackElo "1605"]
[PlyCount "58"]
[EventDate "1996.??.??"]

{2/(31)} 1. d4 Nf6 2. c4 c5 3. d5 b5 4. cxb5 a6 5. Nc3 g6 6. e4 d6 7. Nf3 Bg7
8. Bg5 O-O 9. Be2 axb5 10. Bxb5 Nbd7 11. Bc6 Rb8 12. Rb1 Ng4 13. O-O Ba6 14.
Re1 Rxb2 15. Rxb2 Bxc3 16. Rc2 Bxe1 17. Nxe1 Nge5 18. Bxd7 Qxd7 19. Bf4 Qb5 20.
Nf3 Nxf3+ 21. gxf3 Rb8 22. e5 Rb6 23. Qa1 Qa4 24. Rb2 Rxb2 25. Qxb2 Qxf4 26.
Qb8+ Kg7 27. Qb6 Qc1+ 28. Kg2 Bf1+ 29. Kg3 Qg5# 0-1

[Event "Detroit (Beg/1/8)"]
[Site "?"]
[Date "1996.??.??"]
[Round "?"]
[White "Berry, DeMarcus"]
[Black "Goerke, Daniel"]
[Result "1-0"]
[WhiteElo "1605"]
[BlackElo "1605"]
[PlyCount "73"]
[EventDate "1996.??.??"]

{1/(8)} 1. d4 Nc6 2. c4 e5 3. d5 Nb4 4. Bd2 Qf6 5. Nf3 e4 6. Bc3 Qb6 7. Bd4 Qa5
8. Nfd2 Nxa2 9. Qb3 Nc1 10. Bc3 Qxa1 11. Qc2 Qa6 12. Qxe4+ Be7 13. Bxg7 d6 14.
e3 Qa1 15. Bxh8 f6 16. Qxh7 c6 17. Qxg8+ Kd7 18. Qe6+ Kd8 19. Qg8+ Kd7 20. g3
Nb3 21. Bh3+ Kc7 22. Qf7 Kd8 23. Qg8+ Kc7 24. Qf7 Kd8 25. Qg8+ Kc7 26. Qg7 Nxd2
27. Qxe7+ Kb6 28. Qd8+ Ka6 29. Kxd2 Qxb2+ 30. Kd3 Qb3+ 31. Nc3 Qa3 32. Bxc8 Qa5
33. Bxb7+ Kxb7 34. Qxa5 Rxh8 35. Rb1+ Kc8 36. Qxa7 Rxh2 37. Rb8# 1-0

[Event "Detroit (MI Action/5/12)"]
[Site "?"]
[Date "1996.??.??"]
[Round "?"]
[White "Berry, DeMarcus"]
[Black "Frantz, John W"]
[Result "1-0"]
[WhiteElo "1605"]
[BlackElo "1605"]
[PlyCount "23"]
[EventDate "1996.??.??"]

{5/(12)} 1. e4 c5 2. d4 cxd4 3. c3 dxc3 4. Nxc3 d6 5. Bc4 Nf6 6. e5 dxe5 7.
Bxf7+ Kxf7 8. Qxd8 Nbd7 9. Qc7 Nb6 10. Qxe5 Be6 11. Nf3 g6 12. Ng5+ 1-0

[Event "Detroit (MI Team/2/4/1)"]
[Site "?"]
[Date "1996.??.??"]
[Round "?"]
[White "Berry, DeMarcus"]
[Black "Frantz, John W"]
[Result "0-1"]
[WhiteElo "1605"]
[BlackElo "1605"]
[PlyCount "92"]
[EventDate "1996.??.??"]

{2/4} 1. d4 g6 2. c4 Bg7 3. Nc3 b6 4. e4 c5 5. d5 Bxc3+ 6. bxc3 d6 7. Nf3 f5 8.
exf5 Bxf5 9. Bd3 e6 10. dxe6 Bxe6 11. Qe2 Qf6 12. Bd2 Ne7 13. Ng5 Bf5 14. Bxf5
Qxf5 15. O-O Nd7 16. Rfe1 Ne5 17. g3 O-O-O 18. f4 h6 19. Ne4 N5c6 20. Rad1 h5
21. Bc1 d5 22. cxd5 Nxd5 23. c4 Nd4 24. Qf2 Nf6 25. Nxf6 Qxf6 26. Bb2 h4 27.
Bxd4 Rxd4 28. Rxd4 hxg3 29. hxg3 Qxd4 30. Qxd4 cxd4 31. Re5 Rd8 32. Re2 d3 33.
Rd2 Rd4 34. Kf1 Kc7 35. Kg2 Kc6 36. Kf3 Kc5 37. Ke3 Kxc4 38. g4 Kc3 39. f5 Rd8
40. fxg6 Re8+ 41. Kf4 Kxd2 42. Kf5 Ke2 43. g7 d2 44. Kf6 d1=Q 45. Kf7 Qd7+ 46.
Kg6 Rg8 0-1

[Event "Howell (US Am N/5/44)"]
[Site "?"]
[Date "1996.??.??"]
[Round "?"]
[White "Berry, DeMarcus"]
[Black "Crysler, Jerry"]
[Result "1-0"]
[WhiteElo "1605"]
[BlackElo "1605"]
[PlyCount "135"]
[EventDate "1996.??.??"]

{5/(44)} 1. d4 d5 2. c4 e6 3. Nc3 dxc4 4. e4 c6 5. Bxc4 Nf6 6. Bg5 Be7 7. Nf3
Nbd7 8. O-O O-O 9. e5 Nd5 10. Bxe7 Nxe7 11. Qd2 Ng6 12. Bd3 Nb6 13. Rfe1 Nd5
14. Rad1 Ndf4 15. Qc1 f5 16. exf6 Qxf6 17. Ne4 Qe7 18. Qc2 Nxd3 19. Rxd3 Nf4
20. Rd2 Bd7 21. Neg5 Rf5 22. Re5 Raf8 23. Qe4 Ng6 24. Rxf5 Rxf5 25. Qe3 Nf4 26.
Ne4 Nd5 27. Qb3 Be8 28. Ng3 Rf6 29. Re2 Bf7 30. Ne5 Be8 31. Ne4 Rf8 32. Qh3 Nf4
33. Qe3 Nxe2+ 34. Qxe2 Qb4 35. Qd2 Qa4 36. b3 Qa3 37. Nc5 b6 38. Nc4 Qxa2 39.
Qxa2 bxc5 40. dxc5 Bf7 41. Qxa7 e5 42. h4 e4 43. g4 Be6 44. Ne5 Bxb3 45. Qa3
Bd5 46. Qg3 g6 47. g5 Kg7 48. Qc3 Kg8 49. Nd7 Rf3 50. Qe5 Kf7 51. Nf6 Rd3 52.
Qe8+ Kg7 53. Nxd5 Rxd5 54. Qe7+ Kg8 55. Qe6+ Kf8 56. Qxe4 Kf7 57. Qf3+ Kg8 58.
Qb3 Kh8 59. Qb8+ Kg7 60. Qb7+ Kf8 61. Qxc6 Rf5 62. Qd6+ Kg7 63. Qe7+ Rf7 64.
Qe5+ Kg8 65. c6 h5 66. gxh6 Kh7 67. c7 g5 68. c8=Q 1-0

[Event "Detroit (MI Team/1/4/1)"]
[Site "?"]
[Date "1996.??.??"]
[Round "?"]
[White "Berry, DeMarcus"]
[Black "Calton, Bill"]
[Result "0-1"]
[WhiteElo "1605"]
[BlackElo "2160"]
[PlyCount "46"]
[EventDate "1996.??.??"]

{1/4} 1. d4 d5 2. c4 Nc6 3. cxd5 Qxd5 4. Nf3 e5 5. Nc3 Bb4 6. e3 Bg4 7. Be2
Bxf3 8. Bxf3 e4 9. Be2 Qg5 10. O-O Nf6 11. Nb5 O-O-O 12. a3 Be7 13. Bc4 h5 14.
Bxf7 Qxb5 15. Bg6 Qg5 16. Bf7 Bd6 17. Be6+ Kb8 18. Bh3 Ng4 19. g3 Rdf8 20. Bd2
Rf3 21. Qc2 Nxh2 22. Kxh2 Rxg3 23. fxg3 Qxg3+ 0-1

[Event "Detroit (Beg/5/3)"]
[Site "?"]
[Date "1996.??.??"]
[Round "?"]
[White "Berry, DeMarcus"]
[Black "Bernal, H."]
[Result "1-0"]
[WhiteElo "1605"]
[BlackElo "1605"]
[PlyCount "40"]
[EventDate "1996.??.??"]

{5/(3)} 1. d4 d5 2. e3 Nf6 3. Nf3 Nc6 4. Bb5 Bd7 5. Nc3 e6 6. a3 a6 7. Bxc6
Bxc6 8. Ne5 Bd6 9. Nxc6 bxc6 10. O-O O-O 11. Re1 Rb8 12. Qe2 Qc8 13. Qf1 c5 14.
dxc5 Bxc5 15. e4 d4 16. Na4 Bb6 17. e5 Nd5 18. Qd3 Ba7 19. Re4 c5 20. Rh4 c4
1-0

[Event "Detroit (Beg/3/5)"]
[Site "?"]
[Date "1996.??.??"]
[Round "?"]
[White "Bernal, H."]
[Black "Dezerne, T."]
[Result "1-0"]
[WhiteElo "1605"]
[BlackElo "1605"]
[PlyCount "81"]
[EventDate "1996.??.??"]

{3/(5)} 1. e4 e5 2. Nf3 Nf6 3. Nc3 Bb4 4. a3 Bxc3 5. dxc3 O-O 6. Bd3 d6 7. h3
Be6 8. O-O Nbd7 9. b4 Nh5 10. Nh2 g6 11. Bh6 Re8 12. Qd2 Qf6 13. Bg5 Qh8 14.
Bh6 Nf4 15. Bxf4 exf4 16. Qxf4 Ne5 17. Rad1 g5 18. Qxg5+ Qg7 19. Qxg7+ Kxg7 20.
f4 Nxd3 21. cxd3 Bb3 22. Rd2 d5 23. e5 f6 24. d4 Bc4 25. Rff2 Re6 26. Ng4 f5
27. Ne3 b5 28. Rf3 Rg8 29. Nxf5+ Kf8 30. g4 Kf7 31. Kh2 h5 32. g5 c6 33. h4 Kg6
34. Ng3 Kf7 35. f5 Rxe5 36. dxe5 Rd8 37. g6+ Kg7 38. Nxh5+ Kh6 39. Nf6 Kg7 40.
Ng4 Rf8 41. h5 1-0

[Event "Detroit (Beg/1/5)"]
[Site "?"]
[Date "1996.??.??"]
[Round "?"]
[White "Bernal, H."]
[Black "Chrzan, Bryan"]
[Result "1-0"]
[WhiteElo "1605"]
[BlackElo "1605"]
[PlyCount "59"]
[EventDate "1996.??.??"]

{1/(5)} 1. e4 e5 2. Nf3 Nc6 3. d4 Bd6 4. d5 Nd4 5. Nc3 Bb4 6. Bd2 Nf6 7. a3
Bxc3 8. Bxc3 Nxe4 9. Nxd4 Nxc3 10. bxc3 exd4 11. Qxd4 Qe7+ 12. Qe3 Qxe3+ 13.
fxe3 O-O 14. Bd3 c6 15. O-O d6 16. c4 g6 17. Rf6 Rd8 18. Raf1 Rf8 19. Rxd6 Bf5
20. Bxf5 gxf5 21. Rxf5 Rac8 22. dxc6 bxc6 23. c5 Rfe8 24. Rf3 Re4 25. Rdf6 Rf8
26. Rxc6 Ra4 27. e4 Rxe4 28. Ra6 Re2 29. c3 Ra8 30. h3 1-0

[Event "Flint (MI Jr/3/15)"]
[Site "?"]
[Date "1996.??.??"]
[Round "?"]
[White "Bentley, S."]
[Black "Nolan, Brian"]
[Result "0-1"]
[WhiteElo "1605"]
[BlackElo "1605"]
[PlyCount "94"]
[EventDate "1996.??.??"]

{3/(15)} 1. e4 c5 2. Bc4 Nf6 3. Nc3 Nc6 4. Nf3 d6 5. d4 cxd4 6. Nxd4 g6 7. Nxc6
bxc6 8. O-O Bg7 9. Bg5 O-O 10. Bxf6 Bxf6 11. Rb1 Be6 12. Bxe6 fxe6 13. Ne2 Qa5
14. a3 Rab8 15. c3 Rb7 16. Nf4 Kf7 17. Nd3 c5 18. Re1 Rfb8 19. e5 dxe5 20.
Nxe5+ Bxe5 21. Rxe5 Qxc3 22. Qf3+ Qxf3 23. gxf3 Rxb2 24. Rxb2 Rxb2 25. Rxc5 Rb3
26. Ra5 Rb7 27. Kg2 Ke8 28. f4 Kd7 29. Kf3 Kd6 30. Ke4 Rb2 31. Ra6+ Kc5 32.
Rxe6 Re2+ 33. Kf3 Rxe6 34. a4 Ra6 35. Kg4 Rxa4 36. h4 a5 37. h5 Ra3 38. hxg6
hxg6 39. f5 gxf5+ 40. Kxf5 a4 41. f4 Re3 42. Kg5 a3 43. f5 a2 44. f6 a1=Q 45.
fxe7 Qe5+ 46. Kg6 Rg3+ 47. Kh7 Qh5# 0-1

[Event "Eastpointe (EDO/1/12)"]
[Site "?"]
[Date "1996.??.??"]
[Round "?"]
[White "Belleau, A."]
[Black "Golonka, Stan"]
[Result "0-1"]
[WhiteElo "1605"]
[BlackElo "1900"]
[PlyCount "84"]
[EventDate "1996.??.??"]

{1/(12)} 1. e4 c5 2. c3 Nf6 3. e5 Nd5 4. Bc4 Nb6 5. Be2 d5 6. d4 cxd4 7. cxd4
Bf5 8. Nc3 e6 9. Nf3 Be7 10. O-O O-O 11. Be3 Nc6 12. Rc1 f6 13. exf6 Bxf6 14.
Bb5 Bg4 15. Be2 Na5 16. h3 Bh5 17. b3 Rc8 18. Nb5 a6 19. Rxc8 Nxc8 20. Nc3 Qc7
21. Qc2 Ne7 22. Rc1 Nac6 23. Qd2 b5 24. Nd1 Qa7 25. Rc5 Qb6 26. Bf4 Bxf3 27.
Bxf3 Nxd4 28. Rc3 e5 29. Be3 Nxf3+ 30. gxf3 d4 31. Qc2 Qe6 32. Bxd4 exd4 33.
Rd3 Qxh3 34. Qe2 Ng6 35. Qe4 Qc8 36. Qd5+ Kh8 37. Qd6 Qc2 38. Rxd4 Bxd4 39.
Qxd4 Qf5 40. Qb6 Qxf3 41. Qd6 Nh4 42. Kh2 Qg2# 0-1